Relating to Others in Love: (Record no. 4572)

MARC details
000 -LEADER
fixed length control field 00536nam a22001817a 4500
003 - CONTROL NUMBER IDENTIFIER
control field GBCCL
005 - DATE AND TIME OF LATEST TRANSACTION
control field 20241126110521.0
008 - FIXED-LENGTH DATA ELEMENTS--GENERAL INFORMATION
fixed length control field 180124b xxu||||| |||| 00| 0 eng d
020 ## - INTERNATIONAL STANDARD BOOK NUMBER
International Standard Book Number 0849982162
040 ## - CATALOGING SOURCE
Transcribing agency gbc
082 ## - DEWEY DECIMAL CLASSIFICATION NUMBER
Classification number 227.1007
Item number SWI
100 ## - MAIN ENTRY--PERSONAL NAME
Personal name Swindoll, Charles R.
9 (RLIN) 1487
245 ## - TITLE STATEMENT
Title Relating to Others in Love:
Remainder of title A Study in Romans 12 - 16 /
Statement of responsibility, etc. Charles R. Swindoll
260 ## - PUBLICATION, DISTRIBUTION, ETC.
Name of publisher, distributor, etc. Insight For Living,
Place of publication, distribution, etc. California:
Date of publication, distribution, etc. 1985
300 ## - PHYSICAL DESCRIPTION
Extent 84 p.;
Other physical details ill.,
Dimensions 22 cm.
650 ## - SUBJECT ADDED ENTRY--TOPICAL TERM
Topical term or geographic name entry element Bible
Form subdivision N.T.
-- Romans
General subdivision Study
9 (RLIN) 8432
942 ## - ADDED ENTRY ELEMENTS (KOHA)
Source of classification or shelving scheme Dewey Decimal Classification
Koha item type Books
Koha issues (borrowed), all copies 1
Holdings
Withdrawn status Lost status Source of classification or shelving scheme Damaged status Not for loan Home library Current Library Shelving location Date acquired Total checkouts Full call number Barcode Date last seen Date last checked out Copy number Price effective from Koha item type
    Dewey Decimal Classification     GRACE BIBLE COLLEGE GRACE BIBLE COLLEGE Biblical Studies 2018-01-24 1 227.1007 SWI 001239 2025-05-01 2024-07-31 c.1 2018-01-24 Books
© Grace Bible College Library 2025